Waves and Oscillations (Record no. 80)
[ view plain ]
| 000 -LEADER | |
|---|---|
| Fixed length control field | 00511nam a2200205 4500 |
| 003 - CONTROL NUMBER IDENTIFIER | |
| Control field | SEACOMEC |
| 005 - DATE AND TIME OF LATEST TRANSACTION | |
| Control field | 20240403131152.0 |
| 008 - FIXED-LENGTH DATA ELEMENTS--GENERAL INFORMATION | |
| Fixed length control field | 231005b |||||||| |||| 00| 0 eng d |
| 020 ## - INTERNATIONAL STANDARD BOOK NUMBER / ISBN | |
| Price | Rs. 135.00 |
| 040 ## - CATALOGING SOURCE | |
| Original cataloging agency | SEACOMEC |
| 082 ## - DEWEY DECIMAL CLASSIFICATION NUMBER | |
| Classification number | 531.32 |
| Book Number | S945 |
| 100 1# - MAIN ENTRY--PERSONAL NAME | |
| Personal name | Subrahmanyam, N. |
| 245 1# - TITLE STATEMENT | |
| Title | Waves and Oscillations |
| Statement of responsibility | N. Subrahmanyam and Brij Lal |
| 250 ## - EDITION STATEMENT | |
| Edition statement | 2nd rev. ed. |
| 260 ## - IMPRINT | |
| Place of publication | New Delhi |
| Name of publisher | Vikas |
| Date of publication | 2005 |
| 650 ## - SUBJECT ADDED ENTRY--TOPICAL TERM | |
| Topical term | Physics |
| 650 ## - SUBJECT ADDED ENTRY--TOPICAL TERM | |
| Topical term | Classical Mechanics |
| 700 1# - ADDED ENTRY--PERSONAL NAME | |
| Personal name | Lal, Brij |
| 942 ## - ADDED ENTRY ELEMENTS (KOHA) | |
| Koha item type | Books |
| Withdrawn status | Lost status | Source of classification | Damaged status | Not for loan | Home library | Current library | Date acquired | Total Checkouts | Call number | Accession number | Date last seen | Price effective from | Koha item type | Copy number |
|---|---|---|---|---|---|---|---|---|---|---|---|---|---|---|
| Dewey Decimal Classification | SEACOM ENGINEERING COLLEGE | SEACOM ENGINEERING COLLEGE | 03/04/2024 | 531.32 S945 | 4664 | 03/04/2024 | 03/04/2024 | Books | ||||||
| Dewey Decimal Classification | SEACOM ENGINEERING COLLEGE | SEACOM ENGINEERING COLLEGE | 03/04/2024 | 531.32 S945 | 4665 | 03/04/2024 | 03/04/2024 | Books | 1 | |||||
| Dewey Decimal Classification | SEACOM ENGINEERING COLLEGE | SEACOM ENGINEERING COLLEGE | 03/04/2024 | 531.32 S945 | 4666 | 03/04/2024 | 03/04/2024 | Books | 2 |
